000 00448nam a2200145 a 4500
001 000030702
005 20200930062448.0
008 110526s1936 dr 000 0 spa d
040 _aDO-SdBNP
_bspa
_cBNPHU
082 _axxxx
_bV443v
100 1 _aVeloz M., Francisco
_957278
245 1 0 _aVuelos :
_b1928-1936 /
_cFrancisco Veloz M.
260 _aCiudad Trujillo, República Dominicana, :
_bImprenta J. C. Maggiolo,
_c1936.
300 _a53 p. ;
_c22 cm.
999 _c30194
_d30194